2018 IIHF World Junior Hockey Championship - Canada - Statistics

General Stats
  • This quiz has been taken 70 times
  • The average score is 11 of 22
Answer Stats
Position # Player Junior Team NHL Team % Correct
G 1 Carter Hart Everett Silvertips Philadelphia Flyers
86%
D 7 Cale Makar UMass Amherst Colorado Avalanche
77%
F ("C") 9 Dillon Dubé Kelowna Rockets Calgary Flames
63%
F 25 Jordan Kyrou Sarnia Sting St Louis Blues
57%
F 23 Sam Steel Regina Pats Anaheim Ducks
57%
G 31 Colton Point Colgate University Dallas Stars
54%
F 20 Michael McLeod Mississauga Steelheads NJ Devils
54%
F 27 Robert Thomas London Knights St Louis Blues
54%
D 6 Callan Foote Kelowna Rockets TB Lightning
50%
F 14 Maxime Comtois Victoriaville Tigres Anaheim Ducks
50%
D ("A") 28 Victor Mete - Montreal Canadiens
50%
F 24 Alex Formenton London Knights Ottawa Senators
48%
F 19 Drake Batherson Cape Breton Screaming Eagles Ottawa Senators
46%
F 16 Taylor Raddysh Eerie Otters TB Lightning
46%
D 2 Jake Bean Calgary Hitmen Carolina Hurricanes
45%
F 17 Tyler Steenbergen Swift Current Broncos Arizona Coyotes
45%
D 3 Connor Timmins Sault Ste Marie Greyhounds Colorado Avalanche
38%
D ("A") 8 Dante Fabbro Boston University St Louis Blues
36%
F 21 Brett Howden Moose Jaw Warriors TB Lightning
34%
F 12 Boris Katchouk Sault Ste Marie Greyhounds TB Lightning
32%
D ("A") 10 Kale Clague Brandon Wheat Kings LA Kings
32%
F 11 Jonah Gadjovich Owen Sound Attack Vancouver Canucks
23%
No matching quizzes found
Score Distribution
Percent of People with Each Score
Percentile by Number Answered
Your Score History
You have not taken this quiz